000 01071naa a2200361Ia 4500
001 3696
008 191123s9999 xx 000 0 und d
041 _aspa
044 _aag
100 _aCaride, Vicente P.,
260 _aBuenos Aires :
_bAsociación Internacional de Críticos de Arte,
_c1979.
300 _a17 p.
_c21 cm
500 _aExposición de los Premios YPF y Banco Tornquist en el Museo de Arte Moderno de Buenos Aires desde el 19 al 29 de octubre de 1979. Contiene lista de los artistas participantes y jurado
650 _aARTE CONCRETO
650 _aARTE PRECOLOMBINO
650 _aCONSTRUCTIVISMO
650 _aESCUELA DE PARIS
650 _aHISTORIAARGENTINA
650 _aINSTITUCIONES
650 _aPERCEPTISMO
650 _aPINTURAS
650 _aPOP ART
902 _aM
903 _aa
904 _aam
907 _aFotocopiado
911 _a21 cm
912 _a1979
942 _cANALITICA
999 _c3074
_d3074
490 0 _aLa pintura argentina :
_b150 años después.
245 0 _aEtapas de la pintura en la Argentina